| Registos Bibliográficos associados ao registo de autoridade |
|
Etiqueta de registo: 00000nkm 2200025 450 001 2276918 003 http://id.bnportugal.gov.pt/bib/catbnp/2276918 100 ## $a20260306d1987 m y0pory01030103ba 101 0# $apor 102 ## $aPT 200 1# $aMateriais 87 - 3º. Encontro Nacional da SPM, Braga, 21 a 23 abril de 1987$bVisual gráfico]$fSociedade Portuguesa de Materiais 210 #9 $aLisboa$cSociedade Portuguesa de Materiais,$d1987 215 ## $a1 cartaz$ccolor.$d50x32 cm 317 ## $aColeção Madeira Luís 710 02 $aEncontro Nacional da SPM,$d3,$eBraga,$f1987$31989465 712 02 $aSociedade Portuguesa de Materiais$3227198 801 #0 $aPT$bBN$gRPC 966 ## $lBN$mICONOG$sCT. 24165 A.$x3 971 ## $cCaticonografia10$d20260306 995 ## $aPRR2026
|
|
|